000
00321nam a2200145Ia 4500
005
20250325023227.0
008
240331s9999 xx 000 0 und d
082
_b
RAN
_a
894
100
_a
Ranji
245
0
_a
Mai
260
_a
Coimbatore
_b
Vidiyal Pathipaggam
_c
2007
300
_a
127 p .,
650
_a
Poems
942
_c
L
999
_c
4585
_d
4585